Movie Hidden Gems Quiz Stats

 Plays Quiz Updated May 9, 2016

Challenge
Share
Tweet
Score 0/20 Timer 10:00
1 Play Today
% Correct
The Little Mermaid
95.9%
Monsters, Inc.
86.3%
Raiders of the Lost Ark
84.7%
Lilo & Stitch
83.8%
Iron Man
79.3%
Psycho
76.9%
Toy Story 3
76.6%
Tarzan
75.8%
Tron
72.7%
Star Trek
72.3%
% Correct
E.T. the Extra-Terrestrial
70.3%
Hercules
69.9%
Kill Bill: Vol. 1
51.3%
Back to the Future
51.2%
I Am Legend
33.1%
The Departed
27.5%
Watchmen
26.4%
Captain America: The First Avenger
26%
X2: X-Men United
23.1%
Predator 2
14.3%

You're not logged in!

Compare scores with friends on all Sporcle quizzes.
Join for Free
OR
Log In

You Might Also Like...

Show Comments

Extras

Top Quizzes Today


Score Distribution

Your Account Isn't Verified!

In order to create a playlist on Sporcle, you need to verify the email address you used during registration. Go to your Sporcle Settings to finish the process.

Report this User

Report this user for behavior that violates our Community Guidelines.

Details: